[Event "Remote email"]
[Site "Remote email"]
[Date "2014.09.06"]
[Round "?"]
[White "Heinrich, Alexander"]
[Black "Witt, Monika"]
[Result "1-0"]
[WhiteElo "2000"]
[BlackElo "1390"]
[PlyCount "93"]
[EventDate "2014.??.??"]
[EventType "tourn (corr)"]
[EventRounds "6"]
[EventCountry "GER"]
[SourceTitle "Corr 2015"]
[Source "ChessBase"]
[SourceDate "2015.07.17"]
[SourceVersion "1"]
[SourceVersionDate "2015.07.17"]
[SourceQuality "1"]

1. g4 e5 2. Nf3 Nc6 3. Bg2 d6 4. h4 h6 5. d3 Bxg4 6. Bh3 Bxh3 7. Rxh3 Qd7 8. Rg3 Nd4 9. Nxd4 exd4 10. e3 c5 11. Qf3 0-0-0 12. b3 Nf6 13. Bb2 Re8 14. e4 Re6 15. Na3 d5 16. 0-0-0 a6 17. exd5 Qxd5 18. Qxd5 Nxd5 19. c4 Nf4 20. Kc2 Re2+ 21. Kb1 Rxf2 22. Re1 Kc7 23. Rg4 Nxd3 24. Re8 Rxb2+ 25. Ka1 h5 26. Rg5 g6 27. Rg3 Rd2 28. Nb1 Kd7 29. Rb8 Nc1 30. Nxd2 Kc7 31. Re8 Kd7 32. Re1 Bd6 33. Rf3 Nd3 34. Rxd3 f5 35. Rg1 Re8 36. Rxg6 Re1+ 37. Nb1 Rh1 38. b4 Be5 39. a3 Rxh4 40. bxc5 f4 41. Rb3 Rh1 42. Rxb7+ Kc8 43. Rf7 d3+ 44. Ka2 Rh2+ 45. Kb3 Rb2+ 46. Ka4 Rxb1 47. Rg8# 1-0

[Event "Staufer op 21st"]
[Site "Schwaebisch Gmuend"]
[Date "2009.01.05"]
[Round "9"]
[White "Heinrich, Alexander"]
[Black "Gohil, Harry"]
[Result "1/2-1/2"]
[WhiteElo "2144"]
[BlackElo "2344"]
[PlyCount "91"]
[EventDate "2009.01.02"]
[EventType "swiss"]
[EventRounds "9"]
[EventCountry "GER"]
[SourceTitle "CBM 128 Extra"]
[Source "ChessBase"]
[SourceDate "2009.03.05"]
[SourceVersion "2"]
[SourceVersionDate "2009.03.25"]
[SourceQuality "1"]

1. f4 g6 2. Nf3 Bg7 3. e4 d5 4. d3 b6 5. exd5 Bb7 6. Nc3 Nf6 7. g3 Nxd5 8. Nxd5 Qxd5 9. Bg2 Qc5 10. Qe2 0-0 11. Be3 Qd6 12. c3 Nd7 13. 0-0 Rad8 14. d4 Nf6 15. Ne5 Bxg2 16. Qxg2 Nd5 17. Bf2 f6 18. Nc4 Qd7 19. Rfe1 Qb5 20. Ne3 e6 21. Nxd5 exd5 22. Be3 f5 23. Qe2 Qd7 24. Qa6 Rfe8 25. Bf2 c6 26. Rxe8+ Rxe8 27. Re1 Re4 28. Kf1 h6 29. h4 Kf7 30. Kg2 Bf6 31. Rxe4 fxe4 32. Qe2 Qf5 33. Be3 Qe6 34. Kh2 h5 35. Kg2 Be7 36. b4 a5 37. a3 axb4 38. axb4 Qg4 39. Qxg4 hxg4 40. Kf2 Ke6 41. Ke2 Bf6 42. Kf2 Kd7 43. Ke2 Kc7 44. Kd2 Kd7 45. Ke2 Ke6 46. Kf2 1/2-1/2

[Event "Ulm/Neu Ulm-ch"]
[Site "Ulm/Neu Ulm"]
[Date "2006.12.15"]
[Round "7"]
[White "Neef, Wilfried"]
[Black "Heinrich, Alexander"]
[Result "1/2-1/2"]
[WhiteElo "1696"]
[BlackElo "2067"]
[PlyCount "51"]
[EventDate "2006.09.22"]
[EventType "swiss"]
[EventRounds "7"]
[EventCountry "GER"]
[SourceTitle "EXT 2011"]
[Source "ChessBase"]
[SourceDate "2010.11.26"]
[SourceVersion "1"]
[SourceVersionDate "2010.11.26"]
[SourceQuality "1"]

1. d4 Nf6 2. Nf3 b6 3. g3 Bb7 4. Bg2 g6 5. 0-0 Bg7 6. b3 0-0 7. Bb2 d6 8. Nbd2 c5 9. e3 Nbd7 10. c4 Qc7 11. Rc1 e5 12. dxe5 dxe5 13. Qc2 Ng4 14. h3 Nh6 15. e4 f5 16. Rfe1 Rae8 17. Re2 Nb8 18. b4 Nc6 19. bxc5 bxc5 20. exf5 gxf5 21. Nb3 e4 22. Ne1 Nd4 23. Nxd4 cxd4 24. Qb3 Nf7 25. Ba3 d3 26. Nxd3 1/2-1/2

[Event "Ulm/Neu Ulm-ch"]
[Site "Ulm/Neu Ulm"]
[Date "2006.10.20"]
[Round "3"]
[White "Heinrich, Alexander"]
[Black "Oberst, Thomas"]
[Result "0-1"]
[WhiteElo "2067"]
[BlackElo "2293"]
[PlyCount "60"]
[EventDate "2006.09.22"]
[EventType "swiss"]
[EventRounds "7"]
[EventCountry "GER"]
[SourceTitle "EXT 2011"]
[Source "ChessBase"]
[SourceDate "2010.11.26"]
[SourceVersion "1"]
[SourceVersionDate "2010.11.26"]
[SourceQuality "1"]

1. e3 c5 2. f4 Nc6 3. Nf3 g6 4. d4 cxd4 5. exd4 d5 6. Bd3 Bg7 7. c3 Nh6 8. 0-0 0-0 9. Nbd2 Bf5 10. Be2 Qd6 11. Nh4 Qd7 12. Nxf5 Nxf5 13. Nf3 f6 14. Bd3 Nd6 15. Re1 e6 16. b3 Rfe8 17. Bb2 Rac8 18. a4 a6 19. Ba3 Bf8 20. Ra2 Kf7 21. Bb2 Na5 22. Nd2 Qc7 23. Qf3 f5 24. Qh3 Kg8 25. Bc2 Ne4 26. Bxe4 fxe4 27. c4 Qxf4 28. Bc1 Qf6 29. Bb2 Bg7 30. Rf1 Qg5 0-1

[Event "Staufer op 18th"]
[Site "Schwaebisch Gmuend"]
[Date "2006.01.06"]
[Round "9"]
[White "Schneider, Ilja"]
[Black "Heinrich, Alexander"]
[Result "1-0"]
[WhiteElo "2392"]
[BlackElo "2162"]
[PlyCount "79"]
[EventDate "2006.01.02"]
[EventType "swiss"]
[EventRounds "9"]
[EventCountry "GER"]
[SourceTitle "EXT 2007"]
[Source "ChessBase"]
[SourceDate "2006.11.23"]
[SourceVersion "1"]
[SourceVersionDate "2006.11.23"]
[SourceQuality "1"]

1. d4 Nf6 2. Bg5 c5 3. Bxf6 gxf6 4. d5 Qb6 5. Qc1 f5 6. g3 Bh6 7. e3 d6 8. Nd2 Nd7 9. Ne2 Bg7 10. c3 e6 11. Nf4 Nf6 12. Nc4 Qc7 13. Qd1 Bf8 14. Bg2 e5 15. Nh5 Nxh5 16. Qxh5 Qe7 17. Bh3 Qf6 18. f4 e4 19. a4 Bd7 20. Kd2 Be7 21. a5 Rg8 22. Qd1 h5 23. Rg1 Qh6 24. Bf1 h4 25. Be2 hxg3 26. Rxg3 Rxg3 27. hxg3 Qh2 28. Qh1 Qxh1 29. Rxh1 0-0-0 30. Rh7 Rg8 31. Rxf7 Kd8 32. a6 bxa6 33. Na5 Ke8 34. Rh7 Rxg3 35. Bh5+ Kd8 36. Nb7+ Kc8 37. Rxe7 Rg2+ 38. Kc1 Ba4 39. Nxd6+ Kd8 40. Rxa7 1-0

[Event "Greifswald Ryck op"]
[Site "Greifswald"]
[Date "2004.08.26"]
[Round "2"]
[White "Busse, Nadine"]
[Black "Heinrich, Alexander"]
[Result "0-1"]
[WhiteElo "1778"]
[BlackElo "2158"]
[PlyCount "60"]
[EventDate "2004.08.26"]
[EventType "swiss"]
[EventRounds "7"]
[EventCountry "GER"]
[SourceTitle "EXT 2023"]
[Source "ChessBase"]
[SourceDate "2022.10.05"]
[SourceVersion "1"]
[SourceVersionDate "2022.10.05"]
[SourceQuality "1"]

1. e4 d5 2. exd5 Qxd5 3. Nc3 Qa5 4. d4 c6 5. Bc4 Nf6 6. Nf3 Bf5 7. Bd2 e6 8. Qe2 Bb4 9. a3 Nbd7 10. h3 Bxc3 11. Bxc3 Qc7 12. 0-0-0 Nd5 13. Bd2 b5 14. Ba2 h6 15. g4 Bh7 16. g5 hxg5 17. Nxg5 Bf5 18. Qf3 N7b6 19. Rde1 0-0-0 20. Kb1 Rh4 21. Ne4 Rdh8 22. Qg2 f6 23. Ka1 Bxh3 24. Qf3 Bg4 25. Rxh4 Rxh4 26. Qg2 Qh2 27. Qxh2 Rxh2 28. Be3 Nxe3 29. Rxe3 Rh1+ 30. Bb1 Nc4 0-1

[Event "Andorra op 21st"]
[Site "Andorra"]
[Date "2003.07.06"]
[Round "2"]
[White "Heinrich, Alexander"]
[Black "Cheparinov, Ivan"]
[Result "0-1"]
[WhiteElo "2170"]
[BlackElo "2529"]
[PlyCount "88"]
[EventDate "2003.07.05"]
[EventType "swiss"]
[EventRounds "9"]
[EventCountry "AND"]
[SourceTitle "CBM 095 Extra"]
[Source "ChessBase"]
[SourceDate "2003.09.04"]
[SourceVersion "1"]
[SourceVersionDate "2003.09.04"]
[SourceQuality "1"]

1. e4 c5 2. Nc3 Nc6 3. g3 g6 4. Bg2 Bg7 5. d3 d6 6. f4 e6 7. Nf3 Nge7 8. 0-0 0-0 9. Be3 b6 10. Bf2 Ba6 11. Rb1 Qd7 12. Qd2 Rae8 13. a3 f5 14. Rfe1 Bb7 15. d4 fxe4 16. Nxe4 c4 17. Neg5 Nd8 18. Qe2 Bd5 19. Nh4 b5 20. Bxd5 exd5 21. Ne6 Nxe6 22. Qxe6+ Qxe6 23. Rxe6 Nc8 24. Rbe1 Rxe6 25. Rxe6 Kf7 26. Re1 Bf6 27. Nf3 Nb6 28. g4 Na4 29. b3 Nc3 30. Bh4 Bxh4 31. Nxh4 Re8 32. Kf1 Re4 33. Rxe4 dxe4 34. Ng2 Nb1 35. bxc4 Nd2+ 36. Ke2 Nxc4 37. Ne3 Nxa3 38. Kd1 Ke6 39. d5+ Kf7 40. g5 Nc4 41. Ng4 a5 42. Nf6 e3 43. Nxh7 a4 44. h4 a3 0-1

[Event "Mecklenburg VP LL 0203"]
[Site "Mecklenburg VP"]
[Date "2003.03.30"]
[Round "9.1"]
[White "Heinrich, Alexander"]
[Black "Beerbaum, Dirk"]
[Result "0-1"]
[WhiteElo "2070"]
[BlackElo "2148"]
[PlyCount "122"]
[EventDate "2002.10.20"]
[EventType "team-tourn"]
[EventRounds "9"]
[EventCountry "GER"]
[SourceTitle "EXT 2016"]
[Source "ChessBase"]
[SourceDate "2015.10.08"]
[SourceVersion "1"]
[SourceVersionDate "2015.10.08"]
[SourceQuality "1"]
[WhiteTeam "Greifswald"]
[BlackTeam "Ludwigslust Post SV"]
[WhiteTeamCountry "GER"]
[BlackTeamCountry "GER"]

1. d4 Nf6 2. Nc3 g6 3. e4 d6 4. f4 Bg7 5. Nf3 0-0 6. Bd3 c5 7. dxc5 dxc5 8. e5 Nd5 9. Nxd5 Qxd5 10. Qe2 Qc6 11. 0-0 Be6 12. Ng5 c4 13. Be4 Bd5 14. Bxd5 Qxd5 15. Be3 Na6 16. Rfd1 Qc6 17. Rd4 Rac8 18. Rad1 Nb8 19. b3 cxb3 20. cxb3 h6 21. Nf3 b6 22. Bf2 Qe6 23. R4d2 Nc6 24. Qe4 Rfd8 25. h3 f5 26. Rxd8+ Nxd8 27. Qa4 Nc6 28. Qa6 Rc7 29. Qd3 Bf8 30. a3 Kg7 31. Kh2 Qc8 32. Rg1 Nd8 33. g4 Rc3 34. Qd1 Nf7 35. e6 Rxf3 36. Qxf3 Qxe6 37. Bd4+ Kh7 38. gxf5 Qxf5 39. Qg4 Qd3 40. Be5 Nxe5 41. fxe5 Bg7 42. e6 h5 43. Qg2 Qd6+ 44. Kh1 Qxe6 45. Qf3 Qd7 46. a4 e5 47. Rd1 Qe6 48. Re1 Bf6 49. Kg2 a5 50. Re4 Bg5 51. Rc4 Qd7 52. Qc3 Qd5+ 53. Qf3 Qd2+ 54. Kf1 Bf4 55. Rc7+ Kh6 56. Qa8 Qd3+ 57. Kf2 Bg3+ 58. Kg2 Qe2+ 59. Kxg3 h4+ 60. Kxh4 Qf2+ 61. Kg4 Qf4# 0-1

[Event "Mecklenburg VP LL 0203"]
[Site "Mecklenburg VP"]
[Date "2003.03.09"]
[Round "8.2"]
[White "Heinrich, Alexander"]
[Black "Schumacher, Dirk"]
[Result "1-0"]
[WhiteElo "2070"]
[BlackElo "2031"]
[PlyCount "59"]
[EventDate "2002.10.20"]
[EventType "team-tourn"]
[EventRounds "9"]
[EventCountry "GER"]
[SourceTitle "EXT 2016"]
[Source "ChessBase"]
[SourceDate "2015.10.08"]
[SourceVersion "1"]
[SourceVersionDate "2015.10.08"]
[SourceQuality "1"]
[WhiteTeam "Greifswald"]
[BlackTeam "Warnemuende SF Ostsee"]
[WhiteTeamCountry "GER"]
[BlackTeamCountry "GER"]

1. f4 e5 2. fxe5 d6 3. exd6 Bxd6 4. Nf3 g5 5. g3 g4 6. Nh4 f5 7. d4 f4 8. Qd3 Qe7 9. Nc3 Nc6 10. Nd5 Qg7 11. c3 fxg3 12. hxg3 Nf6 13. Nxf6+ Qxf6 14. Bg2 Rf8 15. Rf1 Qg7 16. Rxf8+ Qxf8 17. Bxc6+ bxc6 18. Qe4+ Qe7 19. Qxc6+ Kf7 20. Qxa8 Bxg3+ 21. Kd1 Be6 22. Nf3 Bc4 23. Ng5+ Kg7 24. Qe4 Qf6 25. Qg2 Bh4 26. Nf3 h5 27. Nxh4 Qxh4 28. Bf4 Qd8 29. Qe4 Bf7 30. Kd2 1-0

[Event "Mecklenburg VP LL 0203"]
[Site "Mecklenburg VP"]
[Date "2003.02.23"]
[Round "7.2"]
[White "Heinrich, Alexander"]
[Black "Jeske, Eckhard"]
[Result "0-1"]
[WhiteElo "2070"]
[BlackElo "2182"]
[PlyCount "64"]
[EventDate "2002.10.20"]
[EventType "team-tourn"]
[EventRounds "9"]
[EventCountry "GER"]
[SourceTitle "EXT 2016"]
[Source "ChessBase"]
[SourceDate "2015.10.08"]
[SourceVersion "1"]
[SourceVersionDate "2015.10.08"]
[SourceQuality "1"]
[WhiteTeam "Greifswald"]
[BlackTeam "Rostock PSV"]
[WhiteTeamCountry "GER"]
[BlackTeamCountry "GER"]

1. e4 c6 2. c4 d5 3. exd5 cxd5 4. cxd5 Nf6 5. Qa4+ Nbd7 6. Nc3 g6 7. Nf3 Bg7 8. Bc4 0-0 9. d3 a6 10. Be3 Rb8 11. Bb3 b5 12. Qh4 b4 13. Ne4 Nxe4 14. dxe4 Bxb2 15. Rd1 Bc3+ 16. Bd2 Qc7 17. 0-0 Bxd2 18. Rxd2 Ne5 19. Ng5 h5 20. f4 Nc4 21. Rd3 a5 22. Rc1 Qa7+ 23. Kh1 Nd6 24. Rg3 Bd7 25. Bd1 Rbc8 26. Rb1 Kg7 27. Bxh5 Rh8 28. Nxf7 Nxf7 29. Rxg6+ Kf8 30. Qg3 Rc3 31. Bf3 Qe3 32. f5 Rc1+ 0-1

[Event "Greifswald Ryck op"]
[Site "Greifswald"]
[Date "2002.08.24"]
[Round "5"]
[White "Kuprat, Thomas"]
[Black "Heinrich, Alexander"]
[Result "1-0"]
[WhiteElo "2008"]
[BlackElo "2171"]
[PlyCount "125"]
[EventDate "2002.08.??"]
[EventType "swiss"]
[EventRounds "7"]
[EventCountry "GER"]
[SourceTitle "EXT 2005"]
[Source "ChessBase"]
[SourceDate "2004.11.15"]
[SourceVersion "1"]
[SourceVersionDate "2004.11.15"]
[SourceQuality "1"]

1. d4 Nf6 2. Nf3 b6 3. c4 e6 4. a3 Bb7 5. Nc3 d5 6. Bg5 Be7 7. e3 0-0 8. Bd3 dxc4 9. Bxc4 Nbd7 10. 0-0 h6 11. Bh4 Ne4 12. Bxe7 Qxe7 13. Rc1 Rfd8 14. Qe2 c5 15. Rfd1 Nxc3 16. Rxc3 cxd4 17. Nxd4 Nc5 18. Rcc1 e5 19. Nf5 Qg5 20. Ng3 Qg6 21. b4 Ne4 22. Nxe4 Qxe4 23. f3 Qg6 24. e4 Rac8 25. Qa2 b5 26. Rxd8+ Rxd8 27. Bxf7+ Qxf7 28. Qxf7+ Kxf7 29. Rc7+ Kf6 30. Rxb7 a6 31. Rb6+ Kg5 32. Kf2 h5 33. Ke3 Rc8 34. Rxa6 Rc2 35. g3 Rxh2 36. Re6 Rg2 37. Rxe5+ Kh6 38. Kf4 Ra2 39. Rxb5 Rxa3 40. g4 g6 41. gxh5 gxh5 42. Rb6+ Kg7 43. e5 h4 44. Kg4 h3 45. Kxh3 Rxf3+ 46. Kg4 Rf1 47. b5 Rf2 48. Kg5 Rg2+ 49. Kf5 Rh2 50. Rb7+ Kf8 51. Ke6 Rh6+ 52. Kd5 Rh1 53. Rc7 Ke8 54. Rc5 Kd7 55. e6+ Kd8 56. Kd6 Rd1+ 57. Rd5 Re1 58. b6 Rc1 59. b7 Rb1 60. Kc6+ Ke7 61. Rb5 Rc1+ 62. Kb6 Kxe6 63. b8Q 1-0

[Event "Mecklenburg VP LL2 Ost 0102"]
[Site "Mecklenburg VP"]
[Date "2002.02.03"]
[Round "5.2"]
[White "Heinrich, Alexander"]
[Black "Berndt, Martin"]
[Result "1-0"]
[WhiteElo "2066"]
[BlackElo "1603"]
[PlyCount "47"]
[EventDate "2001.10.07"]
[EventType "team-tourn"]
[EventRounds "9"]
[EventCountry "GER"]
[SourceTitle "EXT 2003"]
[Source "ChessBase"]
[SourceDate "2002.11.25"]
[SourceVersion "1"]
[SourceVersionDate "2002.11.25"]
[SourceQuality "1"]
[WhiteTeam "Greifswald"]
[BlackTeam "Neubrandenburg SV Turbine"]
[WhiteTeamCountry "GER"]
[BlackTeamCountry "GER"]

1. e4 c5 2. Nc3 d6 3. f4 Nc6 4. g3 g6 5. Bg2 Bg7 6. d3 e6 7. Nf3 Nge7 8. 0-0 0-0 9. Be3 Rb8 10. Rb1 b6 11. Ne2 d5 12. e5 Nf5 13. Bf2 d4 14. Nd2 Bb7 15. Ne4 Nb4 16. g4 Ne7 17. Qd2 Qc7 18. c4 dxc3 19. bxc3 Nbc6 20. Qe3 Nd5 21. Qh3 f5 22. Ng5 h6 23. Nxe6 fxg4 24. Nxc7 1-0

[Event "Mecklenburg VP LL 0203"]
[Site "Mecklenburg VP"]
[Date "2002.??.??"]
[Round "2.1"]
[White "Heinrich, Alexander"]
[Black "Zentgraf, Robert"]
[Result "1/2-1/2"]
[WhiteElo "2070"]
[BlackElo "1940"]
[PlyCount "89"]
[EventDate "2002.10.20"]
[EventType "team-tourn"]
[EventRounds "9"]
[EventCountry "GER"]
[SourceTitle "EXT 2016"]
[Source "ChessBase"]
[SourceDate "2015.10.08"]
[SourceVersion "1"]
[SourceVersionDate "2015.10.08"]
[SourceQuality "1"]
[WhiteTeam "Greifswald"]
[BlackTeam "Torgelow"]
[WhiteTeamCountry "GER"]
[BlackTeamCountry "GER"]

1. e4 c5 2. Nc3 Nc6 3. g3 d6 4. Bg2 g6 5. d3 Bg7 6. f4 e6 7. Nf3 Nge7 8. 0-0 0-0 9. Be3 Nd4 10. Bf2 Nec6 11. e5 Nxf3+ 12. Qxf3 Nd4 13. Qd1 dxe5 14. fxe5 Bxe5 15. Ne4 f5 16. Nxc5 Qd6 17. b4 Nb5 18. a4 Nc3 19. Qe1 Nd5 20. d4 Bg7 21. Rd1 Rb8 22. c4 Nc7 23. Nb3 Re8 24. g4 f4 25. Bh4 h6 26. g5 e5 27. dxe5 Qxe5 28. Qxe5 Rxe5 29. gxh6 Bxh6 30. Rd8+ Re8 31. Bd5+ Be6 32. Bxe6+ Nxe6 33. Rd7 g5 34. Bf2 Nf8 35. Rd6 Re6 36. Rfd1 Bg7 37. R6d5 Bf6 38. Bxa7 Ra8 39. Bd4 Kf7 40. Nc5 Re2 41. Rf5 Nh7 42. Bxf6 Kg6 43. Re5 f3 44. a5 Rg2+ 45. Kf1 1/2-1/2

[Event "Polanica Zdroj op"]
[Site "Polanica Zdroj"]
[Date "2001.08.16"]
[Round "1"]
[White "Zhigalko, Andrey"]
[Black "Heinrich, Alexander"]
[Result "1-0"]
[WhiteElo "2400"]
[BlackElo "2143"]
[PlyCount "91"]
[EventDate "2001.08.16"]
[EventType "swiss"]
[EventRounds "10"]
[EventCountry "POL"]
[SourceTitle "EXT 2002"]
[Source "ChessBase"]
[SourceDate "2001.11.25"]
[SourceVersion "1"]
[SourceVersionDate "2001.11.25"]
[SourceQuality "1"]

1. e4 Nf6 2. e5 Nd5 3. d4 d6 4. Nf3 g6 5. Bc4 Nb6 6. Bb3 Bg7 7. Ng5 e6 8. Qf3 Qe7 9. Ne4 dxe5 10. Bg5 Qb4+ 11. c3 Qa5 12. Bf6 0-0 13. Bxg7 Kxg7 14. Qf6+ Kg8 15. Qxe5 Qxe5 16. dxe5 N8d7 17. f4 Nd5 18. 0-0 b6 19. Nbd2 Ba6 20. Rf3 Rad8 21. Re1 Kg7 22. a3 Ne7 23. Bc2 Nc5 24. Nxc5 Rxd2 25. Nxa6 Rxc2 26. Rf2 Rxf2 27. Kxf2 c5 28. Rd1 Nd5 29. Kf3 Rc8 30. c4 Nc7 31. Nxc7 Rxc7 32. Rd8 h6 33. g4 Rb7 34. a4 a6 35. Ra8 b5 36. cxb5 axb5 37. a5 Rd7 38. Rb8 b4 39. a6 Ra7 40. Rb6 b3 41. Ke3 c4 42. Kd4 Rc7 43. Kc3 Rc5 44. a7 Ra5 45. Rb7 Ra4 46. g5 1-0

[Event "Mecklenburg VP LL 0001"]
[Site "Mecklenburg VP"]
[Date "2001.04.29"]
[Round "9.2"]
[White "Wagner, Friedrich"]
[Black "Heinrich, Alexander"]
[Result "1-0"]
[WhiteElo "2270"]
[BlackElo "2146"]
[PlyCount "69"]
[EventDate "2000.10.15"]
[EventType "team-tourn"]
[EventRounds "9"]
[EventCountry "GER"]
[SourceTitle "EXT 2016"]
[Source "ChessBase"]
[SourceDate "2015.10.08"]
[SourceVersion "1"]
[SourceVersionDate "2015.10.08"]
[SourceQuality "1"]

1. c4 Nf6 2. g3 e6 3. Nf3 d5 4. b3 Be7 5. Bb2 0-0 6. Bg2 b6 7. 0-0 Bb7 8. d3 c5 9. e3 Nc6 10. Qe2 Qc7 11. Nc3 Rad8 12. Rac1 Qb8 13. Rfd1 Rd7 14. cxd5 Nxd5 15. Nxd5 Rxd5 16. d4 Rdd8 17. dxc5 Bxc5 18. Qc2 Rxd1+ 19. Rxd1 Rd8 20. Ng5 Rxd1+ 21. Qxd1 h6 22. Ne4 Bf8 23. Qg4 Qd8 24. h4 Qd3 25. Kh2 Qc2 26. Bc3 f5 27. Qg6 fxe4 28. Qxe6+ Kh8 29. Qxh6+ Kg8 30. Qe6+ Kh8 31. Qf7 Qxc3 32. Qxf8+ Kh7 33. Bxe4+ g6 34. h5 Qe5 35. Bxg6# 1-0

[Event "GER-ch 72nd"]
[Site "Heringsdorf"]
[Date "2000.11.21"]
[Round "5"]
[White "Braun, Peter"]
[Black "Heinrich, Alexander"]
[Result "1-0"]
[WhiteElo "2264"]
[BlackElo "2146"]
[PlyCount "77"]
[EventDate "2000.11.17"]
[EventType "swiss"]
[EventRounds "9"]
[EventCountry "GER"]
[SourceTitle "CBM 080"]
[Source "ChessBase"]
[SourceDate "2001.01.25"]
[SourceVersion "1"]
[SourceVersionDate "2001.01.25"]
[SourceQuality "1"]

1. d4 Nf6 2. c4 e6 3. Nf3 b6 4. e3 Bb7 5. Bd3 d5 6. 0-0 Bd6 7. b3 0-0 8. Bb2 Ne4 9. Nc3 Nd7 10. Rc1 c5 11. cxd5 Nxc3 12. Bxc3 Bxd5 13. e4 Bb7 14. e5 Be7 15. Re1 cxd4 16. Nxd4 Bg5 17. Bd2 Nc5 18. Bf1 Bxd2 19. Qxd2 Qd5 20. Qf4 Nd3 21. Qh4 Nxc1 22. Rxc1 Rac8 23. Re1 Rfd8 24. Nf3 h6 25. h3 Qa5 26. Re3 Rd1 27. Nh2 Qd5 28. Rg3 Qxe5 29. Qe7 Qc7 30. Qh4 Qc1 31. Qf6 g6 32. h4 Be4 33. h5 Qc7 34. Ng4 Rxf1+ 35. Kh2 Kf8 36. Ne5 Bf5 37. hxg6 Bxg6 38. Rxg6 Ke8 39. Rg8# 1-0